| 000 | 00577nam a22001817a 4500 | ||
|---|---|---|---|
| 003 | BUBTL | ||
| 008 | 180926b xxu||||| |||| 00| 0 eng d | ||
| 020 | _a984-415-160-0 | ||
| 082 | _a891.443 /AHH | ||
| 100 |
_91698 _aআহমেদ,হুমায়ূন |
||
| 245 |
_aহিমু মামা / _cহুমায়ূন আহমেদ |
||
| 260 |
_aঢাকা : _bঅবসর, _cc2014 |
||
| 300 |
_a80 p. : _c22 cm. |
||
| 650 | 0 |
_91689 _aবাংলা সাহিত্য |
|
| 856 |
_k0 _l0 _yDownload |
||
| 942 |
_2ddc _cBK |
||
| 999 |
_c5825 _d5825 |
||